000 00817nam a2200253Ia 4500
003 OSt
005 20220918112007.0
006 a|||||r|||| 00| 0
007 ta
008 220915b |||||||| |||| 00| 0 hin d
024 _a521
037 _b448, 19/03/2008, Swaraj Prakashan
037 _cTextbook
040 _bhin
_aARTS
_cARTS
041 _ahin
082 _aO152,3N391,6, P4
100 _aमिश्र, भगवतीशरण
_91722
245 0 _aदेख कबीरा रोया
246 _aDekh kabīrā royā
260 _aदिल्ली
_bराजपाल भारत
_c2004
300 _a391पृ0
_ccm.
942 _hO152,3N391,6, P4
_cTB
_2CC
999 _c117763
_d117763